Statistiken für Beste Bundesliga Torschützen FC Augsburg

Klicken Sie hier um das Quiz zu spielen!

Allgemein

  • Dieses Quiz wurde 204 mal gespielt
    (85 seit der letzten Aktualisierung)
  • Das Durchschnittsergebnis liegt bei 9 aus 13

Antwortstatistiken

SaisonNationalitätToreSpieler% Korrekt
2017/18Österreich13Michael Gregoritsch
90%
2021/22Österreich9Michael Gregoritsch
90%
2015/16Island7Alfreð Finnbogason
89%
2018/19Island10Alfreð Finnbogason
89%
2022/23Deutschland9Mërgim Berisha
67%
2013/14Deutschland12André Hahn
60%
2020/21Deutschland8André Hahn
60%
2016/17Türkei6Halil Altintop
60%
2019/20Deutschland13Florian Niederlechner
57%
2014/15Paraguay10Raúl Bobadilla
56%
2011/12Südkorea5Ja-cheol Koo
47%
2011/12Deutschland5Sascha Mölders
46%
2012/13Deutschland10Sascha Mölders
46%

Verteilung der Resultate

Perzentil nach korrekt beantworteten Fragen

Anzahl Personen mit jedem Resultat

Ihre Resultats-Entwicklung

Sie haben dieses Quiz seit der letzten Aktualisierung nicht gespielt